Priemyselný park ako produkt v regionálnom marketingu

Priblíženie priemyselného parku v kontexte regionálneho marketingu a prínos regionálneho marketingu k budovaniu priemyselných parkov. Podstata priemyselných parkov. Využitie nástrojov regionálneho marketingu pri budovaní priemyselných parkov.

Gespeichert in:
Bibliographische Detailangaben
1. Verfasser: Hanuláková, Eva, 1964-
Format: Buchkapitel
Sprache:Slowakisch
Schlagworte:
Tags: Tag hinzufügen
Keine Tags, Fügen Sie das erste Tag hinzu!

MARC

LEADER 00000naa$a2200000$$$4500
001 0045746
005 20240502071529.2
041 0 |a slo 
044 |a SK 
245 1 0 |a Priemyselný park ako produkt v regionálnom marketingu  |c Eva Hanuláková 
520 |a Priblíženie priemyselného parku v kontexte regionálneho marketingu a prínos regionálneho marketingu k budovaniu priemyselných parkov. Podstata priemyselných parkov. Využitie nástrojov regionálneho marketingu pri budovaní priemyselných parkov. 
610 2 0 |a regióny 
610 2 0 |a marketing regionálny 
610 2 0 |a parky priemyselné 
610 2 0 |a nástroje marketingové 
100 1 |a Hanuláková, Eva, 1964-